[Event "SRB Central-ch"]
[Site "Vrnjacka Banja"]
[Date "2007.12.15"]
[Round "8"]
[White "Colovic, Zoran"]
[Black "Dorontic, Zoran"]
[Result "1-0"]
[WhiteElo "2234"]
[BlackElo "2167"]
[PlyCount "61"]
[EventDate "2007.12.10"]
[EventType "swiss"]
[EventRounds "9"]
[EventCountry "YUG"]
[SourceTitle "CBM 121 Extra"]
[Source "ChessBase"]
[SourceDate "2008.01.10"]
[SourceVersion "1"]
[SourceVersionDate "2008.01.10"]
[SourceQuality "1"]

1. e4 c5 2. c3 e6 3. d4 d5 4. e5 Nc6 5. Nf3 Qb6 6. Be2 cxd4 7. cxd4 Bb4+ 8. Nc3 Bd7 9. 0-0 f6 10. Na4 Qd8 11. a3 Be7 12. b4 f5 13. Nc5 Bc8 14. Qa4 Kf7 15. h4 h6 16. Bd2 g5 17. b5 Nb8 18. Rfc1 g4 19. Ne1 Bxh4 20. Ned3 Bg5 21. Nf4 Ne7 22. b6 a6 23. Rab1 Ng6 24. Nxb7 Bxb7 25. Rc7+ Ne7 26. Rxb7 Bxf4 27. Bxf4 Kg6 28. Rc1 Nec6 29. Rxc6 Nxc6 30. Qxc6 Re8 31. Rc7 1-0

[Event "SRB Central-ch"]
[Site "Vrnjacka Banja"]
[Date "2007.12.14"]
[Round "7"]
[White "Dorontic, Zoran"]
[Black "Gagic, Miroljub"]
[Result "1-0"]
[WhiteElo "2167"]
[BlackElo "1930"]
[PlyCount "75"]
[EventDate "2007.12.10"]
[EventType "swiss"]
[EventRounds "9"]
[EventCountry "YUG"]
[SourceTitle "CBM 121 Extra"]
[Source "ChessBase"]
[SourceDate "2008.01.10"]
[SourceVersion "1"]
[SourceVersionDate "2008.01.10"]
[SourceQuality "1"]

1. e4 e6 2. d4 d5 3. e5 c5 4. c3 Nc6 5. Nf3 Qb6 6. Bd3 Bd7 7. dxc5 Bxc5 8. 0-0 f6 9. b4 Be7 10. Bf4 fxe5 11. Nxe5 Nxe5 12. Bxe5 Nf6 13. a4 0-0 14. h3 Bd6 15. Qe2 Rac8 16. Nd2 Bxe5 17. Qxe5 Qc7 18. Qxc7 Rxc7 19. c4 dxc4 20. Bxc4 Rfc8 21. Ba2 Nd5 22. Bxd5 exd5 23. Nf3 Kf7 24. Rfe1 Kf6 25. Ne5 Be8 26. a5 Bb5 27. Rad1 Rd8 28. Rd4 g5 29. Ng4+ Kf7 30. Re5 Rc1+ 31. Kh2 Bc6 32. Rxg5 Rc4 33. Rxc4 dxc4 34. Rc5 Rd2 35. Rxc4 Ke6 36. Kg3 Kd5 37. Ne3+ Ke5 38. Rxc6 1-0

[Event "SRB Central-ch"]
[Site "Vrnjacka Banja"]
[Date "2007.12.13"]
[Round "6"]
[White "Dorontic, Zoran"]
[Black "Draskovic, Dragan"]
[Result "1/2-1/2"]
[WhiteElo "2167"]
[BlackElo "2154"]
[PlyCount "102"]
[EventDate "2007.12.10"]
[EventType "swiss"]
[EventRounds "9"]
[EventCountry "YUG"]
[SourceTitle "CBM 121 Extra"]
[Source "ChessBase"]
[SourceDate "2008.01.10"]
[SourceVersion "1"]
[SourceVersionDate "2008.01.10"]
[SourceQuality "1"]

1. e4 e6 2. d4 d5 3. e5 c5 4. c3 cxd4 5. cxd4 Qb6 6. Nf3 Nc6 7. Be2 Nh6 8. Nc3 Nf5 9. Bb5 Bd7 10. Bxc6 Bxc6 11. 0-0 Be7 12. b3 h5 13. h3 Rc8 14. Bb2 g5 15. Ne2 Bb5 16. Kh1 g4 17. Nfg1 Qa6 18. a4 Bd3 19. Ba3 Bxa3 20. Rxa3 gxh3 21. gxh3 Nxd4 22. Re1 Nxe2 23. Nxe2 Be4+ 24. Kh2 h4 25. Ra2 Bf3 26. Rc2 Kd7 27. Rxc8 Rxc8 28. Qd2 Rg8 29. Rg1 Rxg1 30. Nxg1 Be4 31. Qf4 Bf5 32. Qxh4 Qd3 33. Qb4 Qa6 34. Qf8 Bg6 35. Nf3 Qb6 36. Kg3 d4 37. a5 Qc7 38. Kf4 d3 39. Nd2 Qc6 40. h4 Qd5 41. Qb8 a6 42. Kg3 Ke7 43. Kf4 Qxa5 44. Qd6+ Ke8 45. Ke3 b5 46. f4 Qa1 47. Qb8+ Kd7 48. Qd6+ Kc8 49. Qc6+ Kb8 50. Qb6+ Ka8 51. Qc6+ Ka7 1/2-1/2